000 00642nam a2200217Ia 4500
003 GCL
008 140319s9999 xx 000 0 ara d
040 _aGCL /
_cGCL
082 0 4 _aق
_b916.2
_bج ق
100 1 _aجمال حمدان
245 1 0 _aالقاهرة /
_cجمال حمدان
260 _a[S.N] :
_bدار الهلال للطباعة والنشر ،
_c1993
300 _a362 ص
490 _aسلسلة كتاب الهلال
_v0
650 0 4 _aمصر
650 0 4 _aتاريخ
650 0 4 _aالجغرافيا الطبيعية
650 0 4 _aالجغرافيا البشرية
650 0 4 _aالقاهرة
942 _2ddc
_cBK
999 _c36202
_d36202